Ariana Grande - My Everything - Statistics

General Stats
  • This quiz has been taken 16 times
  • The average score is 8 of 17
Answer Stats
2014 My Everything % Correct
12 My Everything
82%
1 Intro
64%
3 One Last Time
55%
14 Only 1
55%
2 Problem (feat. Iggy Azalea)
55%
7 Be My Baby (feat. Cashmere Cat)
45%
6 Best Mistake (feat. Big Sean)
45%
5 Break Free (feat. Zedd)
45%
11 Hands On Me (feat. A$AP Ferg)
45%
10 Just A Little Bit Of Your Heart
45%
9 Love Me Harder (feat. The Weeknd)
45%
4 Why Try
45%
15 You Don't Know Me
45%
13 Bang Bang (feat. Jessie J & Nicki Minaj)
36%
8 Break Your Heart Right Back (feat. Childish Gambino)
36%
16 Cadillac Song
36%
17 Too Close
36%
No matching quizzes found
Score Distribution
Percent of People with Each Score
Percentile by Number Answered
Your Score History
You have not taken this quiz